<?xml version="1.0" encoding="UTF-8"?>
<record
    xmlns:xsi="http://www.w3.org/2001/XMLSchema-instance"
    xsi:schemaLocation="http://www.loc.gov/MARC21/slim http://www.loc.gov/standards/marcxml/schema/MARC21slim.xsd"
    xmlns="http://www.loc.gov/MARC21/slim">

  <leader>01444nam2a22002651  4500</leader>
  <controlfield tag="001">v19\rc\1720613</controlfield>
  <controlfield tag="005">20250619040718.0</controlfield>
  <datafield tag="035" ind1=" " ind2=" ">
    <subfield code="a">(NLR Aleph) 004818416</subfield>
  </datafield>
  <datafield tag="090" ind1=" " ind2=" ">
    <subfield code="a">4994891</subfield>
    <subfield code="c">4994891</subfield>
  </datafield>
  <datafield tag="100" ind1=" " ind2=" ">
    <subfield code="a">20061002d1909    |||y0rusy50      ca</subfield>
  </datafield>
  <datafield tag="101" ind1="0" ind2=" ">
    <subfield code="a">rus</subfield>
  </datafield>
  <datafield tag="102" ind1=" " ind2=" ">
    <subfield code="a">RU</subfield>
  </datafield>
  <datafield tag="105" ind1=" " ind2=" ">
    <subfield code="a">y   z   |||||</subfield>
  </datafield>
  <datafield tag="200" ind1="0" ind2=" ">
    <subfield code="a">... &#x432; 1910 &#x433;&#x43E;&#x434;&#x443;</subfield>
  </datafield>
  <datafield tag="210" ind1=" " ind2=" ">
    <subfield code="d">1909</subfield>
    <subfield code="a">&#x411;. &#x43C;.</subfield>
  </datafield>
  <datafield tag="215" ind1=" " ind2=" ">
    <subfield code="a">17 &#x441;.</subfield>
  </datafield>
  <datafield tag="461" ind1=" " ind2="0">
    <subfield code="1">001v19\rc\1720606</subfield>
    <subfield code="1">2001#$a&#x421;&#x43C;&#x435;&#x442;&#x44B; &#x43D;&#x430; &#x441;&#x43E;&#x434;&#x435;&#x440;&#x436;&#x430;&#x43D;&#x438;&#x435;... &#x432;&#x435;&#x43B;&#x438;&#x43A;&#x43E;&#x441;&#x435;&#x43B;&#x44C;&#x441;&#x43A;&#x43E;&#x433;&#x43E; &#x448;&#x43E;&#x441;&#x441;&#x435; &#x441; &#x432;&#x435;&#x442;&#x43A;&#x43E;&#x439; &#x43A; &#x440;&#x430;&#x437;&#x44A;&#x435;&#x437;&#x434;&#x443; &#x2116; 6 &#x41C;.-&#x42F;.-&#x410;. &#x436;. &#x434;. &#x438; &#x443;&#x433;&#x43E;&#x434;&#x438;&#x447;&#x441;&#x43A;&#x43E;&#x439; &#x43C;&#x43E;&#x441;&#x442;&#x43E;&#x432;&#x43E;&#x439;, &#x43D;&#x430;&#x445;&#x43E;&#x434;&#x44F;&#x449;&#x438;&#x445;&#x441;&#x44F; &#x432; &#x437;&#x430;&#x432;&#x435;&#x434;&#x44B;&#x432;&#x430;&#x43D;&#x438;&#x438; &#x42F;&#x440;&#x43E;&#x441;&#x43B;&#x430;&#x432;&#x441;&#x43A;&#x43E;&#x433;&#x43E; &#x433;&#x443;&#x431;&#x435;&#x440;&#x43D;&#x441;&#x43A;&#x43E;&#x433;&#x43E; &#x437;&#x435;&#x43C;&#x441;&#x442;&#x432;&#x430;$v... &#x432; 1910 &#x433;&#x43E;&#x434;&#x443;</subfield>
    <subfield code="9">4994829</subfield>
    <subfield code="a">&#x42F;&#x440;&#x43E;&#x441;&#x43B;&#x430;&#x432;&#x441;&#x43A;&#x430;&#x44F; &#x433;&#x443;&#x431;&#x435;&#x440;&#x43D;&#x441;&#x43A;&#x430;&#x44F; &#x437;&#x435;&#x43C;&#x441;&#x43A;&#x430;&#x44F; &#x443;&#x43F;&#x440;&#x430;&#x432;&#x430;. &#x414;&#x43E;&#x440;&#x43E;&#x436;&#x43D;&#x44B;&#x439; &#x43E;&#x442;&#x434;&#x435;&#x43B;</subfield>
    <subfield code="c">&#x42F;&#x440;&#x43E;&#x441;&#x43B;&#x430;&#x432;&#x43B;&#x44C;</subfield>
    <subfield code="d">1900-1911</subfield>
    <subfield code="t">&#x421;&#x43C;&#x435;&#x442;&#x44B; &#x43D;&#x430; &#x441;&#x43E;&#x434;&#x435;&#x440;&#x436;&#x430;&#x43D;&#x438;&#x435;... &#x432;&#x435;&#x43B;&#x438;&#x43A;&#x43E;&#x441;&#x435;&#x43B;&#x44C;&#x441;&#x43A;&#x43E;&#x433;&#x43E; &#x448;&#x43E;&#x441;&#x441;&#x435; &#x441; &#x432;&#x435;&#x442;&#x43A;&#x43E;&#x439; &#x43A; &#x440;&#x430;&#x437;&#x44A;&#x435;&#x437;&#x434;&#x443; &#x2116; 6 &#x41C;.-&#x42F;.-&#x410;. &#x436;. &#x434;. &#x438; &#x443;&#x433;&#x43E;&#x434;&#x438;&#x447;&#x441;&#x43A;&#x43E;&#x439; &#x43C;&#x43E;&#x441;&#x442;&#x43E;&#x432;&#x43E;&#x439;, &#x43D;&#x430;&#x445;&#x43E;&#x434;&#x44F;&#x449;&#x438;&#x445;&#x441;&#x44F; &#x432; &#x437;&#x430;&#x432;&#x435;&#x434;&#x44B;&#x432;&#x430;&#x43D;&#x438;&#x438; &#x42F;&#x440;&#x43E;&#x441;&#x43B;&#x430;&#x432;&#x441;&#x43A;&#x43E;&#x433;&#x43E; &#x433;&#x443;&#x431;&#x435;&#x440;&#x43D;&#x441;&#x43A;&#x43E;&#x433;&#x43E; &#x437;&#x435;&#x43C;&#x441;&#x442;&#x432;&#x430;</subfield>
    <subfield code="v">... &#x432; 1910 &#x433;&#x43E;&#x434;&#x443;</subfield>
  </datafield>
  <datafield tag="801" ind1=" " ind2="0">
    <subfield code="a">RU</subfield>
    <subfield code="b">NLR</subfield>
    <subfield code="g">psbo</subfield>
  </datafield>
  <datafield tag="801" ind1=" " ind2="0">
    <subfield code="a">RU</subfield>
    <subfield code="b">RuMoRGB</subfield>
    <subfield code="2">psbo</subfield>
  </datafield>
  <datafield tag="801" ind1=" " ind2="1">
    <subfield code="a">RU</subfield>
    <subfield code="b">ProSoft-M</subfield>
    <subfield code="2">rusmarc</subfield>
  </datafield>
  <datafield tag="852" ind1=" " ind2=" ">
    <subfield code="a">NLR</subfield>
    <subfield code="b">&#x417;&#x435;&#x43C;</subfield>
    <subfield code="j">47/&#x421;11</subfield>
  </datafield>
  <datafield tag="899" ind1=" " ind2=" ">
    <subfield code="a">RuMoRGB (1901-1912*)</subfield>
    <subfield code="j">N 53/75</subfield>
  </datafield>
  <datafield tag="899" ind1=" " ind2=" ">
    <subfield code="a">&#x413;&#x41F;&#x418;&#x411;</subfield>
  </datafield>
  <datafield tag="942" ind1=" " ind2=" ">
    <subfield code="c">BOOK</subfield>
  </datafield>
  <datafield tag="980" ind1=" " ind2=" ">
    <subfield code="a">NB</subfield>
  </datafield>
  <datafield tag="995" ind1=" " ind2=" ">
    <subfield code="5">2013-10-26</subfield>
    <subfield code="b">NLR02</subfield>
    <subfield code="c">NLR02</subfield>
    <subfield code="e">RFS</subfield>
    <subfield code="f">4818416-10</subfield>
    <subfield code="k">&#x417;&#x435;&#x43C; 47/&#x421;11</subfield>
    <subfield code="o">0</subfield>
    <subfield code="r">BOOK</subfield>
    <subfield code="s">_4711</subfield>
  </datafield>
  <datafield tag="995" ind1=" " ind2=" ">
    <subfield code="5">2013-10-26</subfield>
    <subfield code="b">NLR01</subfield>
    <subfield code="c">NLR01</subfield>
    <subfield code="e">TEMP</subfield>
    <subfield code="f">4818416-30</subfield>
    <subfield code="o">0</subfield>
    <subfield code="r">BOOK</subfield>
  </datafield>
</record>
